Guess the State: Parkways, Trails, & Rivers Quiz Stats

Quiz not verified by Sporcle

Challenge
Share
Tweet
Embed
Score 0/22 Timer 10:00
0 Plays Today
Parkway, Trail, or River State or Territory % Correct
AppalachianMaine to Georgia
97.9%
DelawarePennsylvania, New Jersey, & New York
93.6%
Natchez TraceMississppi & Tennessee
91.5%
Potomac HeritagePennsylvania to Virginia
91.5%
Rio GrandeTexas
91.5%
George WashingtonMaryland & Virginia
89.4%
OzarkMissouri
89.4%
AlagnakAlaska
87.2%
Blue RidgeNorth Carolina
87.2%
Natchez TraceMississippi
87.2%
MississippiMinnesota
87.2%
Parkway, Trail, or River State or Territory % Correct
MissouriNebraska & South Dakota
80.9%
Upper DelawareNew York & Pennsylvania
80.9%
New River GorgeWest Virginia
78.7%
St CroixMinnesota & Wisconsin
78.7%
Big South ForkTennessee & Kentucky
72.3%
Great Egg HarborNew Jersey
68.1%
John D. Rockefeller, Jr.Wyoming
63.8%
BuffaloArkansas
61.7%
NiobaraNebraska
59.6%
ObedTennessee
44.7%
BluestoneWest Virginia
23.4%

You're not logged in!

Compare scores with friends on all Sporcle quizzes.
Sign Up with Email
OR
Log In

You Might Also Like...

Show Comments

Extras

Top Quizzes Today


Score Distribution

Your Account Isn't Verified!

In order to create a playlist on Sporcle, you need to verify the email address you used during registration. Go to your Sporcle Settings to finish the process.